Movies Quiz

Random Movies or Clickable Quiz

Almost Useless Movie Trivia IX Quiz Stats

 Plays Quiz Updated Dec 5, 2016

Support Sporcle.
Go Orange.
Score 0/21 Timer 07:00
1 Play Today
% Correct
3 Men and a Baby
93.4%
Speed
93.1%
The Santa Clause
92.7%
Dr. No
91.1%
Animal House
91.1%
Close Encounters of the Third Kind
90.9%
The Cable Guy
87.4%
A Clockwork Orange
85.8%
The Muppet Movie
85.3%
Shaun of the Dead
84.5%
The Fly
84.5%
% Correct
March of the Penguins
84.4%
The Curious Case of Benjamin Button
84.2%
Big
80.8%
Rear Window
77.7%
L.A. Confidential
76.9%
American Beauty
76.2%
Zodiac
73%
10 Cloverfield Lane
67.6%
Scarface
63.1%
The French Connection
55.6%

From the Vault

Dow Jones Companies By Ticker Symbol

by TheCoolerKing

This Dow Jones fellow sounds like he might be really wealthy.
Remove Ads.
Support Sporcle.
Get the best of Sporcle when you Go Orange. This ad-free experience offers more features, more stats, and more fun while also helping to support Sporcle. Thank you for becoming a member.

Show Comments

Extras

Top Quizzes Today


Score Distribution

Your Account Isn't Verified!

In order to create a playlist on Sporcle, you need to verify the email address you used during registration. Go to your Sporcle Settings to finish the process.

Report this User

Report this user for behavior that violates our Community Guidelines.

Details: